000 00334nam a2200157Ia 4500
100 _aBrown/Sandra
650 _aGeneral
942 _cRB
654 _aTreasure Worth
245 _aA Treasure Worth Seeking
260 _bWarner Books
_aNew York
_c1992
082 _a813.5
_bBro
300 _a272
546 _aENGLISH
999 _c34622
_d34622